000 01024nam a22002297a 4500
001 44083
003 BD-RjUL
005 20211209053810.0
008 160713s1982 ii ||||| |||| 00| 0 ben d
020 _c: IRs 30.00
035 _a(BD-RjUL)44201
040 _aBD-RjUL
_bben
_cBD-RjUL
041 _aben
082 _223
_a303.48409540903
_bSOU 1982
100 _aসরকার, অজয়েন্দ্রনাথ
_9135372
245 1 0 _aউনিশ শতকের সমাজসংস্কার আন্দোলন ও বাংলা বিতর্করচনা /
_cঅজয়েন্দ্রনাথ সরকার
260 _aকলিকাতা :
_bপুস্তক বিপণি,
_c১৯৮২
300 _a[৮], ৩৫৬ পৃ. ;
_c২১ সেমি.
650 _aSocial movements
_xHistory
_y19th century.
_zBengal
_9135373
650 _aসমাজ সংস্কার
_xইতিহাস
_yউনিশ শতক
_zবেঙ্গল
_9135374
942 _2ddc
_cBK
999 _c44083
_d44083